000 00966nam a2200253Ia 4500
003 OSt
005 20220923213529.0
006 a|||||r|||| 00| 0
007 ta
008 220922b |||||||| |||| 00| 0 hin d
024 _a162,609
037 _cTextual
040 _aARTS
_cARTS
_bhin
041 _2hin
_ahin
082 _aO152,3M80:g(Y), L2
100 _aप्रसाद, सरोज
245 0 _aप्रेमचंद के उपन्यासों में समाययिक परिस्थतियों का प्रतिफलन
246 _aPremachanda ke upanyāsoan mean samāyayik paristhatiyoan kā pratifalana
260 _aइलाहाबाद
_b रचना प्रकाशन
_c1972
300 _a315 पृ.
_ccm.
650 _aहिन्दी साहित्य
_9156264
942 _hO152,3M80:g(Y), L2
_cTEXL
_2CC
999 _c317089
_d317089